[Event "World Prestigious University 2019"]
[Site "Tianjin"]
[Date "2019.11.27"]
[Round "4.5"]
[White "Tarasov, Alexandr"]
[Black "Li, Yankai"]
[Result "1/2-1/2"]
[WhiteElo "2348"]
[BlackElo "2432"]
[PlyCount "74"]
[EventDate "2019.11.26"]
[EventType "team-tourn"]
[EventCountry "CHN"]
[TimeControl "1500+10"]
[WhiteClock "0:13:14"]
[BlackClock "0:00:59"]

1. c4 {[%emt 0:00:18]} c5 {[%emt 0:00:00]} 2. Nf3 {[%emt 0:01:25]} Nc6 {[%emt 0:00:00]} 3. d4 {[%emt 0:00:21]} cxd4 {[%emt 0:00:00]} 4. Nxd4 {[%emt 0:00:02]} Nf6 {[%emt 0:00:00]} 5. Nc3 {[%emt 0:00:36]} e6 {[%emt 0:00:02]} 6. Bf4 {[%emt 0:01:49]} d5 {[%emt 0:00:31]} 7. cxd5 {[%emt 0:03:05]} Nxd5 {[%emt 0:00:03]} 8. Nxc6 {[%emt 0:00:53]} bxc6 {[%emt 0:00:02]} 9. Bd2 {[%emt 0:00:35]} Bb4 {[%emt 0:00:02]} 10. g3 {[%emt 0:05:00]} Nxc3 {[%emt 0:01:17]} 11. Bxc3 {[%emt 0:00:53]} Bxc3+ {[%emt 0:00:02]} 12. bxc3 {[%emt 0:00:01]} Qxd1+ {[%emt 0:03:15]} 13. Kxd1 {[%emt 0:00:43]} Rb8 {[%emt 0:00:22]} 14. Kc2 {[%emt 0:00:55]} e5 {[%emt 0:00:35]} 15. e4 {[%emt 0:00:44]} Be6 {[%emt 0:00:02]} 16. Bd3 {[%emt 0:00:50]} Ke7 {[%emt 0:00:02]} 17. f4 {[%emt 0:01:24]} f6 {[%emt 0:00:07]} 18. Rhb1 {[%emt 0:01:22]} Rb6 {[%emt 0:00:44]} 19. c4 {[%emt 0:02:05]} Kd6 {[%emt 0:00:16]} 20. Kc3 {[%emt 0:00:19]} Rhb8 {[%emt 0:00:27]} 21. Rb3 {[%emt 0:00:12]} a5 {[%emt 0:01:46]} 22. Rab1 {[%emt 0:00:51]} Kc5 {[%emt 0:00:24]} 23. Rxb6 {[%emt 0:01:11]} Rxb6 {[%emt 0:00:01]} 24. Rxb6 {[%emt 0:00:12]} Kxb6 {[%emt 0:00:02]} 25. f5 {[%emt 0:00:30]} Bf7 {[%emt 0:00:10]} 26. g4 {[%emt 0:00:14]} h5 {[%emt 0:02:34]} 27. Be2 {[%emt 0:00:52]} h4 {[%emt 0:00:52]} 28. h3 {[%emt 0:00:43]} Kc5 {[%emt 0:00:02]} 29. a3 {[%emt 0:00:03]} Kd6 {[%emt 0:00:11]} 30. Bd3 {[%emt 0:00:06]} Be8 {[%emt 0:00:13]} 31. Bc2 {[%emt 0:00:12]} Ke7 {[%emt 0:00:38]} 32. c5 {[%emt 0:00:20]} Bf7 {[%emt 0:02:55]} 33. Bb3 {[%emt 0:00:12]} Bxb3 {[%emt 0:00:15]} 34. Kxb3 {[%emt 0:00:01]} Kd7 {[%emt 0:00:01]} 35. Ka4 {[%emt 0:00:15]} Kc7 {[%emt 0:00:01]} 36. Kxa5 {[%emt 0:00:02]} Kb7 {[%emt 0:00:01]} 37. a4 {[%emt 0:00:55]} Ka7 {[%emt 0:00:01]} 1/2-1/2

[Event "World Prestigious University 2019"]
[Site "Tianjin"]
[Date "2019.11.27"]
[Round "4.6"]
[White "Xiao, Yiyi"]
[Black "Bogachkova, Alena"]
[Result "1/2-1/2"]
[WhiteElo "2306"]
[BlackElo "2080"]
[Annotator "RC"]
[PlyCount "81"]
[EventDate "2019.11.26"]
[EventType "team-tourn"]
[EventCountry "CHN"]
[TimeControl "1500+10"]
[WhiteClock "0:00:38"]
[BlackClock "0:00:27"]

1. d4 {[%emt 0:00:00]} d5 {[%emt 0:00:07]} 2. c4 {[%emt 0:00:01]} c6 {[%emt 0:00:01]} 3. Nc3 {[%emt 0:01:33]} Nf6 {[%emt 0:00:04]} 4. e3 {[%emt 0:00:02]} e6 {[%emt 0:00:07]} 5. Nf3 {[%emt 0:00:05]} Nbd7 {[%emt 0:00:02]} 6. Qc2 {[%emt 0:01:01]} Bd6 {[%emt 0:00:06]} 7. Be2 {[%emt 0:00:03]} O-O {[%emt 0:00:10]} 8. O-O {[%emt 0:00:03]} dxc4 {[%emt 0:00:24]} 9. Bxc4 {[%emt 0:00:03]} e5 {[%emt 0:00:01]} 10. Rd1 {[%emt 0:05:32]} Qc7 {[%emt 0:02:26]} 11. h3 {[%emt 0:03:13]} h6 {[%emt 0:00:39]} 12. a3 {[%emt 0:02:01]} exd4 {[%emt 0:00:46]} 13. Nxd4 {[%emt 0:00:15]} Nb6 {[%emt 0:05:37]} 14. Ba2 {[%emt 0:00:15]} a6 {[%emt 0:02:59]} 15. Bd2 {[%emt 0:00:28]} Bd7 {[%emt 0:02:17]} 16. Nf5 {[%emt 0:00:54]} Bxf5 {[%emt 0:00:47]} 17. Qxf5 {[%emt 0:00:03]} Rae8 {[%emt 0:00:34]} 18. Rac1 {[%emt 0:01:09]} Re5 {[%emt 0:01:29]} 19. Qf3 {[%emt 0:00:06]} Rfe8 {[%emt 0:00:47]} 20. Be1 {[%emt 0:03:36]} Qe7 {[%emt 0:00:54]} 21. Ne2 {[%emt 0:01:22]} Nbd5 {[%emt 0:00:16]} 22. Ng3 {[%emt 0:00:56]} g6 {[%emt 0:02:25]} 23. Bc3 {[%emt 0:01:14]} Nxc3 {[%emt 0:00:13]} 24. Rxc3 {[%emt 0:00:01]} Kg7 {[%emt 0:01:37]} 25. Rcd3 {[%emt 0:00:06]} Bc7 {[%emt 0:00:01]} 26. Nf1 {[%emt 0:03:25]} Rd8 {[%emt 0:01:24]} 27. Qe2 {[%emt 0:00:32]} Rxd3 {[%emt 0:01:01]} 28. Qxd3 {[%emt 0:00:04]} Qc5 {[%emt 0:00:17]} 29. Nh2 {[%emt 0:00:29]} Re7 {[%emt 0:00:06]} 30. Qc4 {[%emt 0:01:05]} Qxc4 {[%emt 0:00:45]} 31. Bxc4 {[%emt 0:00:01]} Rd7 {[%emt 0:00:06]} 32. Rxd7 {[%emt 0:00:09]} Nxd7 {[%emt 0:00:05]} 33. f4 {[%emt 0:00:14]} f5 {[%emt 0:00:38]} 34. Be6 {[%emt 0:00:14]} Nb6 {[%emt 0:00:21]} 35. Nf3 {[%emt 0:00:08]} Kf6 {[%emt 0:00:03]} 36. Bg8 {[%emt 0:00:10]} Na4 {[%emt 0:00:40]} 37. b3 {[%emt 0:00:02]} Nc5 {[%emt 0:00:14]} 38. Nd2 {[%emt 0:00:28]} a5 {[%emt 0:00:12]} 39. Kf2 {[%emt 0:00:05]} Ne4+ {[%emt 0:00:20]} 40. Nxe4+ {[%emt 0:00:06]} fxe4 {[%emt 0:00:01]} 41. g4 {[%emt 0:00:09]} 1/2-1/2

[Event "World Prestigious University 2019"]
[Site "Tianjin"]
[Date "2019.11.27"]
[Round "4.7"]
[White "Bibby, Simon"]
[Black "Weichao, Chu"]
[Result "0-1"]
[WhiteElo "2167"]
[BlackElo "2423"]
[Annotator "TA"]
[PlyCount "80"]
[EventDate "2019.11.26"]
[EventType "team-tourn"]
[EventCountry "CHN"]

{[%evp 18,79,-6,0,14,10,8,11,61,46,40,39,57,25,33,27,41,37,14,-20,37,24,35,32,38,37,47,4,25,25,44,-14,-23,-103,-89,-70,-86,-103,-81,-87,-56,-99,-61,-1047,-1073,-29979,-29980,-6503,-5597,-29992,-29993,-29994,-29995,-29995,-29995,-29995,-29996,-29996,-29986,-29997,-29998,-29998,-29999,-29999]} 1. e4 c5 2. Nf3 d6 3. Bb5+ Bd7 4. Bxd7+ Qxd7 5. O-O Nc6 6. c3 Nf6 7. Re1 e6 8. d4 cxd4 9. cxd4 d5 10. e5 Ng8 {B52: Sicilian: Moscow Variation with 3...Bd7} (10... Ne4 11. Nbd2 Nxd2 12. Bxd2 Be7 13. Rc1 O-O 14. Rc3 Rfc8 15. h4 Bd8 16. Rd3 Qc7 17. Ng5 h6 18. Nh3 Ne7 19. Bc3 b5 20. Nf4 Nf5 21. Qg4 Bxh4 22. Nh5 {½-½ (52) Nakamura,H (2769)-Grischuk,A (2766) Paris 2018}) 11. Nbd2 {[%cal Bb1d2,Bd2f1,Bf1g3,Bg3h5][%mdl 32]} Qd8 $146 ({Predecessor:} 11... Bb4 12. Re3 Nge7 13. Nf1 Nf5 14. Rd3 O-O-O 15. a3 Be7 16. b4 Kb8 17. N1d2 h5 18. Nb3 {½-½ (49) Bergez,L (2327)-Rubio Mejia,L (2442) Linares 2018}) 12. Nf1 Qb6 {The position is equal.} (12... Bb4 $5 {[%cal Rb4e1]}) 13. a3 Nge7 14. Ng3 Na5 15. b4 Nc4 16. Nh5 Nc6 17. Bg5 h6 18. Bh4 Rg8 (18... Kd7 $11) 19. Qd3 $14 {Strongly threatening Qh7.} Be7 20. Bxe7 Nxe7 21. a4 O-O-O 22. b5 Kb8 23. Nd2 Nxd2 24. Qxd2 ({Better is} 24. a5 $1 $14 Qc7 25. Qxd2) 24... Rc8 25. g4 (25. Ng3 $11 {remains equal.}) 25... Rc4 $17 26. Red1 Ng6 27. Qb2 Rgc8 28. a5 Qd8 {aiming for ...Qh4.} 29. b6 a6 30. Rac1 $2 {[%mdl 8192]} (30. Ra3 $15) 30... Qg5 $1 $19 {[%csl LRc1,LRg4][%cal Rc4c1][%mdl 64] Double Attack} 31. Rb1 Qxg4+ 32. Ng3 Nf4 {( -> ...Qf3)} 33. Qa3 Rc3 {Black mates.} 34. Qd6+ Ka8 35. Kf1 Rc2 36. Qa3 Qh3+ {[%mdl 64] Double Attack} 37. Ke1 Ng2+ 38. Kf1 {[#]} Ne3+ $1 {[%mdl 64] Double Attack, Discovered Attack (Double check)} 39. Ke1 {[#]} Qf1+ $1 {[%mdl 512]} 40. Nxf1 Ng2# {Accuracy: White = 41%, Black = 67%.} 0-1

[Event "World Prestigious University 2019"]
[Site "Tianjin"]
[Date "2019.11.27"]
[Round "4.8"]
[White "Wei, Siyu"]
[Black "Hirao, Satoshi"]
[Result "1-0"]
[WhiteElo "2106"]
[BlackElo "1958"]
[PlyCount "67"]
[EventDate "2019.11.26"]
[EventType "team-tourn"]
[EventCountry "CHN"]
[TimeControl "1500+10"]
[WhiteClock "0:00:24"]
[BlackClock "0:04:19"]

1. d4 {[%emt 0:00:00]} Nf6 {[%emt 0:00:00]} 2. Bg5 {[%emt 0:00:01]} Ne4 {[%emt 0:00:10]} 3. Bf4 {[%emt 0:00:02]} c5 {[%emt 0:00:03]} 4. d5 {[%emt 0:02:33]} Qa5+ {[%emt 0:01:11]} 5. c3 {[%emt 0:00:51]} e6 {[%emt 0:00:50]} 6. f3 {[%emt 0:01:34]} Nf6 {[%emt 0:00:21]} 7. e4 {[%emt 0:00:05]} exd5 {[%emt 0:00:08]} 8. exd5 {[%emt 0:00:02]} d6 {[%emt 0:00:24]} 9. Na3 {[%emt 0:01:40]} Be7 {[%emt 0:02:21]} 10. Ne2 {[%emt 0:02:52]} O-O {[%emt 0:00:52]} 11. Ng3 {[%emt 0:00:02]} Rd8 {[%emt 0:03:26]} 12. Be2 {[%emt 0:00:18]} a6 {[%emt 0:02:15]} 13. Nc4 {[%emt 0:00:15]} Qc7 {[%emt 0:00:03]} 14. a4 {[%emt 0:00:06]} b6 {[%emt 0:03:35]} 15. O-O {[%emt 0:00:45]} g6 {[%emt 0:02:03]} 16. Ne3 {[%emt 0:03:51]} Ne8 {[%emt 0:03:06]} 17. Ne4 {[%emt 0:02:52]} Bf8 {[%emt 0:01:56]} 18. Bg5 {[%emt 0:00:39]} Be7 {[%emt 0:00:32]} 19. Bh6 {[%emt 0:00:23]} Ng7 {[%emt 0:00:37]} 20. f4 {[%emt 0:02:26]} Re8 {[%emt 0:01:51]} 21. Bxg7 {[%emt 0:01:09]} Kxg7 {[%emt 0:00:03]} 22. f5 {[%emt 0:00:04]} Nd7 {[%emt 0:01:39]} 23. Bd3 {[%emt 0:00:19]} Bf8 {[%emt 0:00:51]} 24. fxg6 {[%emt 0:00:37]} hxg6 {[%emt 0:00:02]} 25. Nc4 {[%emt 0:01:20]} Ne5 {[%emt 0:00:10]} 26. Nf6 {[%emt 0:00:33]} Bb7 {[%emt 0:00:30]} 27. Nxe8+ {[%emt 0:00:07]} Rxe8 {[%emt 0:00:01]} 28. Nxe5 {[%emt 0:00:05]} Rxe5 {[%emt 0:00:02]} 29. c4 {[%emt 0:00:04]} b5 {[%emt 0:00:13]} 30. axb5 {[%emt 0:00:04]} axb5 {[%emt 0:00:01]} 31. b3 {[%emt 0:00:15]} bxc4 {[%emt 0:00:07]} 32. bxc4 {[%emt 0:00:01]} Bc8 {[%emt 0:00:10]} 33. Qf3 {[%emt 0:00:12]} Kg8 {[%emt 0:00:33]} 34. Bxg6 {[%emt 0:00:14]} 1-0

[Event "World Prestigious University 2019"]
[Site "Tianjin"]
[Date "2019.11.27"]
[Round "4.9"]
[White "Balashov, Yuri S"]
[Black "Lu, Hongyi"]
[Result "0-1"]
[WhiteElo "2465"]
[BlackElo "1862"]
[PlyCount "42"]
[EventDate "2019.11.26"]
[EventType "team-tourn"]
[EventCountry "CHN"]
[TimeControl "1500+10"]
[WhiteClock "0:10:12"]
[BlackClock "0:00:44"]

1. e4 {[%emt 0:00:00]} e6 {[%emt 0:00:00]} 2. d4 {[%emt 0:00:10]} d5 {[%emt 0:00:01]} 3. e5 {[%emt 0:00:12]} c5 {[%emt 0:00:07]} 4. c3 {[%emt 0:00:48]} Nc6 {[%emt 0:00:05]} 5. Nf3 {[%emt 0:00:40]} Qb6 {[%emt 0:00:09]} 6. Na3 {[%emt 0:01:34]} cxd4 {[%emt 0:01:36]} 7. cxd4 {[%emt 0:01:38]} Bd7 {[%emt 0:01:27]} 8. Nc2 {[%emt 0:01:44]} Nb4 {[%emt 0:01:37]} 9. b3 {[%emt 0:03:08]} Nxc2+ {[%emt 0:00:46]} 10. Qxc2 {[%emt 0:00:49]} Rc8 {[%emt 0:00:46]} 11. Qd3 {[%emt 0:01:19]} Bb4+ {[%emt 0:01:33]} 12. Bd2 {[%emt 0:00:59]} Ne7 {[%emt 0:01:43]} 13. Be2 {[%emt 0:01:05]} a6 {[%emt 0:01:02]} 14. a4 {[%emt 0:02:17]} Nf5 {[%emt 0:01:45]} 15. Rd1 {[%emt 0:01:11]} Bxd2+ {[%emt 0:01:59]} 16. Rxd2 {[%emt 0:02:12]} O-O {[%emt 0:01:34]} 17. O-O {[%emt 0:00:13]} Qb4 {[%emt 0:00:06]} 18. Ne1 {[%emt 0:03:04]} Rc3 {[%emt 0:00:37]} 19. Qb1 {[%emt 0:01:45]} Rxb3 {[%emt 0:00:37]} 20. Qa1 {[%emt 0:02:32]} Qxd2 {[%emt 0:00:25]} 21. Bg4 {[%emt 0:00:26]} Nxd4 {[%emt 0:00:23]} 0-1

[Event "World Prestigious University 2019"]
[Site "Tianjin"]
[Date "2019.11.27"]
[Round "4.10"]
[White "Li, Ethan"]
[Black "Isakov, Michael"]
[Result "1/2-1/2"]
[WhiteElo "2209"]
[BlackElo "2162"]
[PlyCount "95"]
[EventDate "2019.11.26"]
[EventType "team-tourn"]
[EventCountry "CHN"]
[TimeControl "1500+10"]
[WhiteClock "0:00:28"]
[BlackClock "0:01:01"]

1. d4 {[%emt 0:00:00]} d5 {[%emt 0:00:00]} 2. Nf3 {[%emt 0:00:00]} Nf6 {[%emt 0:00:00]} 3. e3 {[%emt 0:00:00]} e6 {[%emt 0:00:00]} 4. Bd3 {[%emt 0:00:00]} c5 {[%emt 0:01:02]} 5. b3 {[%emt 0:00:00]} b6 {[%emt 0:00:22]} 6. O-O {[%emt 0:00:09]} Nbd7 {[%emt 0:00:19]} 7. Bb2 {[%emt 0:00:25]} Be7 {[%emt 0:00:04]} 8. Ne5 {[%emt 0:00:16]} Bb7 {[%emt 0:01:28]} 9. f4 {[%emt 0:00:26]} g6 {[%emt 0:01:04]} 10. Nd2 {[%emt 0:00:52]} O-O {[%emt 0:01:38]} 11. Qf3 {[%emt 0:07:20]} Qc7 {[%emt 0:04:35]} 12. Qh3 {[%emt 0:00:37]} Ne4 {[%emt 0:01:20]} 13. Nxe4 {[%emt 0:00:16]} dxe4 {[%emt 0:00:02]} 14. Bc4 {[%emt 0:00:06]} Nxe5 {[%emt 0:00:41]} 15. dxe5 {[%emt 0:03:13]} Rad8 {[%emt 0:00:43]} 16. g4 {[%emt 0:01:28]} Bd5 {[%emt 0:01:18]} 17. f5 {[%emt 0:04:18]} Bg5 {[%emt 0:00:45]} 18. Qg3 {[%emt 0:00:03]} Bxc4 {[%emt 0:04:20]} 19. bxc4 {[%emt 0:00:02]} Rd2 {[%emt 0:01:12]} 20. Rf2 {[%emt 0:00:05]} Rfd8 {[%emt 0:01:29]} 21. h4 {[%emt 0:00:44]} Be7 {[%emt 0:00:59]} 22. f6 {[%emt 0:00:13]} Bf8 {[%emt 0:01:04]} 23. Bc3 {[%emt 0:00:37]} Rxf2 {[%emt 0:00:10]} 24. Qxf2 {[%emt 0:00:08]} Qc6 {[%emt 0:00:21]} 25. a4 {[%emt 0:01:52]} a6 {[%emt 0:00:28]} 26. Qe2 {[%emt 0:01:37]} Rb8 {[%emt 0:00:01]} 27. Kf2 {[%emt 0:01:28]} b5 {[%emt 0:00:01]} 28. cxb5 {[%emt 0:00:24]} axb5 {[%emt 0:00:02]} 29. a5 {[%emt 0:00:01]} b4 {[%emt 0:00:15]} 30. Bb2 {[%emt 0:00:10]} c4 {[%emt 0:00:07]} 31. Bd4 {[%emt 0:00:06]} Ra8 {[%emt 0:00:28]} 32. g5 {[%emt 0:00:12]} Qb5 {[%emt 0:00:22]} 33. h5 {[%emt 0:00:11]} Bc5 {[%emt 0:00:08]} 34. hxg6 {[%emt 0:00:22]} hxg6 {[%emt 0:01:36]} 35. Qg4 {[%emt 0:00:14]} Bxd4 {[%emt 0:00:33]} 36. exd4 {[%emt 0:00:19]} Qd5 {[%emt 0:00:33]} 37. Rd1 {[%emt 0:01:55]} Rxa5 {[%emt 0:00:16]} 38. Qh4 {[%emt 0:00:39]} e3+ {[%emt 0:00:05]} 39. Kg3 {[%emt 0:00:07]} e2 {[%emt 0:00:44]} 40. Qh6 {[%emt 0:00:03]} Ra3+ {[%emt 0:00:07]} 41. Kh2 {[%emt 0:00:04]} Rh3+ {[%emt 0:00:03]} 42. Kxh3 {[%emt 0:00:05]} Qf3+ {[%emt 0:00:01]} 43. Kh2 {[%emt 0:00:21]} Qf2+ {[%emt 0:00:03]} 44. Kh3 {[%emt 0:00:04]} Qe3+ {[%emt 0:00:39]} 45. Kh4 {[%emt 0:00:20]} Qf4+ {[%emt 0:00:25]} 46. Kh3 {[%emt 0:00:02]} Qe3+ {[%emt 0:00:02]} 47. Kh4 {[%emt 0:00:03]} Qf4+ {[%emt 0:00:27]} 48. Kh3 {[%emt 0:00:02]} 1/2-1/2

[Event "World Prestigious University 2019"]
[Site "Tianjin"]
[Date "2019.11.27"]
[Round "4.13"]
[White "Daniel, Karim Abbas"]
[Black "Theodorou, Nikolas"]
[Result "0-1"]
[WhiteElo "2251"]
[BlackElo "2555"]
[PlyCount "90"]
[EventDate "2019.11.26"]
[EventType "team-tourn"]
[EventCountry "CHN"]
[TimeControl "1500+10"]
[WhiteClock "0:00:24"]
[BlackClock "0:00:24"]

1. e4 {[%emt 0:00:00]} c5 {[%emt 0:00:00]} 2. Nf3 {[%emt 0:00:00]} d6 {[%emt 0:00:00]} 3. Bb5+ {[%emt 0:00:00]} Nd7 {[%emt 0:00:00]} 4. O-O {[%emt 0:00:00]} a6 {[%emt 0:00:00]} 5. Bd3 {[%emt 0:00:01]} Ngf6 {[%emt 0:00:01]} 6. Re1 {[%emt 0:00:01]} e6 {[%emt 0:00:08]} 7. c3 {[%emt 0:00:16]} b5 {[%emt 0:00:12]} 8. Bc2 {[%emt 0:00:01]} c4 {[%emt 0:00:45]} 9. a4 {[%emt 0:00:28]} Bb7 {[%emt 0:00:05]} 10. d3 {[%emt 0:00:03]} cxd3 {[%emt 0:00:21]} 11. Qxd3 {[%emt 0:01:17]} Nc5 {[%emt 0:01:27]} 12. Qe2 {[%emt 0:00:54]} bxa4 {[%emt 0:00:47]} 13. Rxa4 {[%emt 0:07:27]} Be7 {[%emt 0:00:03]} 14. Rd4 {[%emt 0:01:03]} Qc7 {[%emt 0:00:59]} 15. b4 {[%emt 0:01:09]} Ncd7 {[%emt 0:00:07]} 16. Red1 {[%emt 0:03:15]} O-O {[%emt 0:00:27]} 17. Na3 {[%emt 0:01:20]} e5 {[%emt 0:01:45]} 18. Rc4 {[%emt 0:01:56]} Qb8 {[%emt 0:00:02]} 19. Nd2 {[%emt 0:00:23]} Nb6 {[%emt 0:00:25]} 20. Nb3 {[%emt 0:00:03]} Nxc4 {[%emt 0:01:05]} 21. Nxc4 {[%emt 0:00:01]} Qc7 {[%emt 0:01:03]} 22. Nba5 {[%emt 0:00:36]} Rac8 {[%emt 0:01:15]} 23. Be3 {[%emt 0:00:29]} Bc6 {[%emt 0:01:36]} 24. Bb6 {[%emt 0:02:25]} Qb8 {[%emt 0:00:13]} 25. Qe3 {[%emt 0:00:54]} Bb5 {[%emt 0:01:23]} 26. Ba7 {[%emt 0:00:57]} Qc7 {[%emt 0:01:52]} 27. Bb6 {[%emt 0:00:21]} Qd7 {[%emt 0:00:04]} 28. Nxe5 {[%emt 0:00:16]} dxe5 {[%emt 0:00:02]} 29. Rxd7 {[%emt 0:00:02]} Nxd7 {[%emt 0:00:02]} 30. Ba7 {[%emt 0:01:43]} Bxb4 {[%emt 0:00:04]} 31. cxb4 {[%emt 0:00:02]} Rxc2 {[%emt 0:00:03]} 32. h3 {[%emt 0:00:37]} Re2 {[%emt 0:02:02]} 33. Qf3 {[%emt 0:00:26]} Nf6 {[%emt 0:00:10]} 34. Be3 {[%emt 0:00:14]} Rd8 {[%emt 0:02:38]} 35. Kh2 {[%emt 0:01:22]} Re1 {[%emt 0:00:35]} 36. Bg5 {[%emt 0:00:29]} Rdd1 {[%emt 0:00:50]} 37. Qf5 {[%emt 0:00:19]} Rh1+ {[%emt 0:03:08]} 38. Kg3 {[%emt 0:00:01]} Rd3+ {[%emt 0:00:03]} 39. f3 {[%emt 0:00:06]} Nd7 {[%emt 0:01:25]} 40. Nb7 {[%emt 0:00:20]} h6 {[%emt 0:01:55]} 41. Be7 {[%emt 0:00:07]} g6 {[%emt 0:01:57]} 42. Qg4 {[%emt 0:00:01]} Rd2 {[%emt 0:00:01]} 43. Nc5 {[%emt 0:00:25]} Bf1 {[%emt 0:00:28]} 44. Kh4 {[%emt 0:00:11]} h5 {[%emt 0:00:35]} 45. Qg5 {[%emt 0:00:05]} Rxg2 {[%emt 0:00:03]} 0-1

[Event "World Prestigious University 2019"]
[Site "Tianjin"]
[Date "2019.11.27"]
[Round "4.14"]
[White "Chandra, Akshat"]
[Black "Mihov, Filip"]
[Result "1-0"]
[WhiteElo "2524"]
[BlackElo "2191"]
[PlyCount "81"]
[EventDate "2019.11.26"]
[EventType "team-tourn"]
[EventCountry "CHN"]
[TimeControl "1500+10"]
[WhiteClock "0:00:11"]
[BlackClock "0:02:27"]

1. e4 {[%emt 0:00:00]} c5 {[%emt 0:00:00]} 2. Nf3 {[%emt 0:00:00]} e6 {[%emt 0:00:18]} 3. d4 {[%emt 0:00:02]} cxd4 {[%emt 0:00:00]} 4. Nxd4 {[%emt 0:00:11]} Nf6 {[%emt 0:00:07]} 5. Nc3 {[%emt 0:00:04]} Qb6 {[%emt 0:00:11]} 6. Nb3 {[%emt 0:02:30]} Bb4 {[%emt 0:00:04]} 7. Bd3 {[%emt 0:00:13]} d6 {[%emt 0:00:06]} 8. O-O {[%emt 0:00:14]} Bxc3 {[%emt 0:00:29]} 9. bxc3 {[%emt 0:00:03]} e5 {[%emt 0:00:08]} 10. Bg5 {[%emt 0:01:20]} Nbd7 {[%emt 0:00:09]} 11. Nd2 {[%emt 0:00:53]} O-O {[%emt 0:00:23]} 12. Nc4 {[%emt 0:00:13]} Qc6 {[%emt 0:00:23]} 13. Qf3 {[%emt 0:04:02]} h6 {[%emt 0:00:41]} 14. Bh4 {[%emt 0:00:59]} d5 {[%emt 0:06:00]} 15. exd5 {[%emt 0:02:50]} Qxd5 {[%emt 0:00:03]} 16. Qd1 {[%emt 0:03:14]} b6 {[%emt 0:04:08]} 17. Nd6 {[%emt 0:02:03]} Bb7 {[%emt 0:02:32]} 18. f3 {[%emt 0:00:40]} Rab8 {[%emt 0:07:45]} 19. Re1 {[%emt 0:02:02]} Qc5+ {[%emt 0:02:14]} 20. Kh1 {[%emt 0:00:13]} Qxc3 {[%emt 0:00:14]} 21. Bf5 {[%emt 0:00:43]} Qb4 {[%emt 0:01:13]} 22. c4 {[%emt 0:00:35]} Bd5 {[%emt 0:00:24]} 23. Bxd7 {[%emt 0:00:41]} Qxd6 {[%emt 0:00:22]} 24. Bh3 {[%emt 0:00:57]} Qb4 {[%emt 0:00:51]} 25. Bxf6 {[%emt 0:00:05]} Qxc4 {[%emt 0:00:12]} 26. Bxe5 {[%emt 0:00:43]} Rbd8 {[%emt 0:00:02]} 27. Qc1 {[%emt 0:00:05]} Qh4 {[%emt 0:00:10]} 28. Bg3 {[%emt 0:00:07]} Qh5 {[%emt 0:00:14]} 29. Re5 {[%emt 0:00:14]} Qg6 {[%emt 0:00:11]} 30. Bf5 {[%emt 0:00:44]} Qf6 {[%emt 0:00:05]} 31. Bc2 {[%emt 0:00:37]} Rc8 {[%emt 0:00:09]} 32. Rxd5 {[%emt 0:00:16]} Rxc2 {[%emt 0:00:02]} 33. Qxc2 {[%emt 0:00:05]} Qxa1+ {[%emt 0:00:02]} 34. Rd1 {[%emt 0:00:03]} Qf6 {[%emt 0:00:04]} 35. h3 {[%emt 0:00:06]} Re8 {[%emt 0:00:27]} 36. Kh2 {[%emt 0:00:40]} h5 {[%emt 0:00:24]} 37. h4 {[%emt 0:00:08]} Qe6 {[%emt 0:00:07]} 38. Rd6 {[%emt 0:00:32]} Qe7 {[%emt 0:00:14]} 39. Qf5 {[%emt 0:00:08]} g6 {[%emt 0:00:06]} 40. Qd5 {[%emt 0:00:02]} Qe2 {[%emt 0:00:15]} 41. Rxg6+ {[%emt 0:00:06]} 1-0

[Event "World Prestigious University 2019"]
[Site "Tianjin"]
[Date "2019.11.27"]
[Round "4.16"]
[White "Grigory, Oparin"]
[Black "Fernandez, Daniel Howard"]
[Result "1-0"]
[WhiteElo "2660"]
[BlackElo "2444"]
[PlyCount "97"]
[EventDate "2019.11.26"]
[EventType "team-tourn"]
[EventCountry "CHN"]
[TimeControl "1500+10"]
[WhiteClock "0:00:29"]
[BlackClock "0:23:56"]

1. Nc3 {[%emt 0:00:00]} d5 {[%emt 0:00:04]} 2. e4 {[%emt 0:00:00]} dxe4 {[%emt 0:00:45]} 3. Nxe4 {[%emt 0:00:00]} Bf5 {[%emt 0:00:44]} 4. Ng3 {[%emt 0:00:00]} Bg6 {[%emt 0:00:10]} 5. Nf3 {[%emt 0:00:02]} Nd7 {[%emt 0:01:53]} 6. h4 {[%emt 0:00:38]} h6 {[%emt 0:00:40]} 7. Bc4 {[%emt 0:00:12]} e5 {[%emt 0:00:58]} 8. h5 {[%emt 0:00:12]} Bh7 {[%emt 0:00:05]} 9. Qe2 {[%emt 0:00:14]} Bd6 {[%emt 0:00:38]} 10. d4 {[%emt 0:01:14]} Qe7 {[%emt 0:00:13]} 11. Be3 {[%emt 0:02:29]} Ngf6 {[%emt 0:00:39]} 12. Nh4 {[%emt 0:00:52]} O-O {[%emt 0:02:09]} 13. Ng6 {[%emt 0:00:38]} Bxg6 {[%emt 0:00:19]} 14. hxg6 {[%emt 0:00:03]} exd4 {[%emt 0:01:04]} 15. gxf7+ {[%emt 0:00:21]} Rxf7 {[%emt 0:07:44]} 16. Nf5 {[%emt 0:00:03]} Qe4 {[%emt 0:01:11]} 17. Bxf7+ {[%emt 0:00:13]} Kxf7 {[%emt 0:00:04]} 18. Qc4+ {[%emt 0:00:05]} Kg6 {[%emt 0:02:26]} 19. Nxd6 {[%emt 0:00:12]} cxd6 {[%emt 0:00:06]} 20. Qxd4 {[%emt 0:00:13]} Qxd4 {[%emt 0:02:37]} 21. Bxd4 {[%emt 0:00:02]} Re8+ {[%emt 0:00:02]} 22. Kf1 {[%emt 0:00:03]} a6 {[%emt 0:00:47]} 23. Rd1 {[%emt 0:00:02]} Ne4 {[%emt 0:00:56]} 24. Rh3 {[%emt 0:00:03]} Re6 {[%emt 0:00:25]} 25. Re3 {[%emt 0:00:07]} d5 {[%emt 0:00:30]} 26. f3 {[%emt 0:00:10]} Ng5 {[%emt 0:00:31]} 27. Rxe6+ {[%emt 0:00:04]} Nxe6 {[%emt 0:00:01]} 28. Bf2 {[%emt 0:00:13]} Nf6 {[%emt 0:00:21]} 29. Bh4 {[%emt 0:00:03]} d4 {[%emt 0:00:13]} 30. Bf2 {[%emt 0:00:08]} Nd5 {[%emt 0:00:30]} 31. Bxd4 {[%emt 0:00:02]} Nb4 {[%emt 0:00:21]} 32. c3 {[%emt 0:00:02]} Nc6 {[%emt 0:00:18]} 33. Be3 {[%emt 0:00:01]} Kf7 {[%emt 0:00:23]} 34. Kf2 {[%emt 0:00:02]} h5 {[%emt 0:00:17]} 35. Rd7+ {[%emt 0:00:02]} Kf6 {[%emt 0:00:14]} 36. Rxb7 {[%emt 0:00:02]} Ne5 {[%emt 0:00:16]} 37. Ke2 {[%emt 0:00:06]} g6 {[%emt 0:00:11]} 38. Bd4 {[%emt 0:00:03]} Nf4+ {[%emt 0:00:17]} 39. Kf1 {[%emt 0:00:02]} Nfd3 {[%emt 0:00:12]} 40. Rb6+ {[%emt 0:00:03]} Kf5 {[%emt 0:00:05]} 41. Bxe5 {[%emt 0:00:02]} Kxe5 {[%emt 0:00:17]} 42. b4 {[%emt 0:00:01]} Nf4 {[%emt 0:00:08]} 43. Rxa6 {[%emt 0:00:02]} h4 {[%emt 0:00:08]} 44. a4 {[%emt 0:00:01]} h3 {[%emt 0:00:12]} 45. gxh3 {[%emt 0:00:01]} g5 {[%emt 0:00:06]} 46. a5 {[%emt 0:00:01]} Nxh3 {[%emt 0:00:05]} 47. Rh6 {[%emt 0:00:02]} Nf4 {[%emt 0:00:09]} 48. a6 {[%emt 0:00:01]} Nd5 {[%emt 0:00:07]} 49. a7 {[%emt 0:00:02]} 1-0